000 00300nam a22001337a 4500
008 170309b xxu||||| |||| 00| 0 eng d
020 _a9780077643874
041 _aeng
080 _a611
100 _a6
101 _aSHM
245 _aLABORATORY MANUAL ANATOMY PHYSIOLOGY
_cWISE.E
942 _2udc
_cBK
999 _c7360
_d7360